ՀՀ Գիտությունների ազգային ակադեմիայի հիմնարար գիտական գրադարան  =   Fundamental Scientific Library of NAS RA

Метеорологические условия полета летательных аппаратов / (Record no. 382479)

MARC details
000 -LEADER
fixed length control field 00744nam a22002057a 4500
003 - CONTROL NUMBER IDENTIFIER
control field AM-YeHGA
005 - DATE AND TIME OF LATEST TRANSACTION
control field 20250617153018.0
008 - FIXED-LENGTH DATA ELEMENTS--GENERAL INFORMATION
fixed length control field 170512b xxu||||| |||| 00| 0 rus d
040 ## - CATALOGING SOURCE
Original cataloging agency AM-YeHGA
041 0# - LANGUAGE CODE
Language code of text/sound track or separate title rus
090 ## - LOCALLY ASSIGNED LC-TYPE CALL NUMBER (OCLC); LOCAL CALL NUMBER (RLIN)
-- 384427
100 1# - MAIN ENTRY--PERSONAL NAME
Personal name Зак, Михаил Ефимович
245 10 - TITLE STATEMENT
Title Метеорологические условия полета летательных аппаратов /
Statement of responsibility, etc. М.Е. Зак, Н.И. Мазурин
260 ## - PUBLICATION, DISTRIBUTION, ETC.
Place of publication, distribution, etc. Москва :
Name of publisher, distributor, etc. Транспорт,
Date of publication, distribution, etc. 1978
300 ## - PHYSICAL DESCRIPTION
Extent 165 с.;
Other physical details ил., карт.
504 ## - BIBLIOGRAPHY, ETC. NOTE
Bibliography, etc. note Библиогр.: с. 162-163
653 0# - INDEX TERM--UNCONTROLLED
Uncontrolled term Авиационная метеорология
700 1# - ADDED ENTRY--PERSONAL NAME
Personal name Мазурин, Николай Иванович
942 ## - ADDED ENTRY ELEMENTS (KOHA)
Source of classification or shelving scheme Universal Decimal Classification
Koha item type Գրքեր / Books
Holdings
Withdrawn status Lost status Source of classification or shelving scheme Damaged status Not for loan Collection Home library Current library Date acquired Total checkouts Full call number Barcode Date last seen Price effective from Koha item type
    Universal Decimal Classification     General Fundamental Scientific Library Fundamental Scientific Library 12/05/2017   PII/430485 FL0447794 12/05/2017 12/05/2017 Գրքեր / Books


ՀՀ ԳԱԱ հիմնարար գիտական գրադարան
ՀՀ,Երևան 0019
Մարշալ Բաղրամյան 24/6
հեռախոս:(374-10) 52-47-50
Հետադարձ կապ

All site content, except where otherwise noted, is licensed under a
Creative Commons License